| 000 | 00797nam a2200289Ia 4500 | ||
|---|---|---|---|
| 008 | 160803s9999 xx 000 0 und d | ||
| 020 | _a0 439219981 | ||
| 100 | _aGhigna, Charles | ||
| 245 | _aMice are nice / | ||
| 245 | _cby Charles Ghigna ; illustrated by Jon Goodell. | ||
| 260 | _aNew York : | ||
| 260 | _bScholastic Inc. | ||
| 260 | _c1999 | ||
| 300 | _a32 pages : | ||
| 300 | _bcolor illustrations ; | ||
| 300 | _c23 cm. | ||
| 440 | _aStep into reading., | ||
| 440 | _vStep 1. | ||
| 500 | _a"This edition is only available for distribution through the school market--P. [4] of cover. | ||
| 650 | _aMice -- | ||
| 650 | _aPets -- | ||
| 650 | _aStories in rhyme -- | ||
| 650 | _xFiction. | ||
| 650 | _xFiction. | ||
| 650 | _xJuvenile fiction. | ||
| 700 | _a130 | ||
| 999 |
_c299104 _d299104 |
||